La estimulación temprana en el niño discapacitado
Saved in:
| Main Authors: | , , , , , , , , |
|---|---|
| Format: | Book |
| Language: | Spanish |
| Published: |
Buenos Aires
Médica Panamericana
1986
|
| Subjects: | |
| Tags: |
Add Tag
No Tags, Be the first to tag this record!
|
MARC
| LEADER | 00000nam a2200000 a 4500 | ||
|---|---|---|---|
| 001 | UCZ7482 | ||
| 003 | CL-VaPUC | ||
| 008 | 960105e19860000AG |||||||||||||||||spa|d | ||
| 082 | 0 | 4 | |a 371.9 |b HEE |2 21 |
| 100 | 0 | |a Heese, Gerhard |e author |9 352374 | |
| 700 | 0 | |a Dreier, Susi |e author |9 352375 | |
| 700 | 0 | |a Horstmann, Tordis |e author |9 352376 | |
| 700 | 0 | |a Innerhofer, Paul |e author |9 352377 | |
| 700 | 0 | |a Kautter, Hansjorg |e author |9 352378 | |
| 700 | 0 | |a Löwe, Armin |e author |9 352379 | |
| 700 | 0 | |a Schwartzkopff, Gesche |e author |9 352380 | |
| 700 | 0 | |a Solarová, Svetluse |e author |9 352381 | |
| 700 | 0 | |a Wilken, Etta |e author |9 352382 | |
| 245 | 1 | 3 | |a La estimulación temprana en el niño discapacitado |
| 300 | |a 108p | ||
| 942 | |c BK | ||
| 945 | |d 19960105 00:00:00 |a cmena | ||
| 260 | |a Buenos Aires |b Médica Panamericana |c 1986 | ||
| 650 | 0 | |a Educación especial |9 307486 | |
| 650 | 7 | |a NIÑOS MINUSVALIDOS |2 CL-VaPUC |9 309747 | |
| 650 | 0 | |a Rol del docente |9 329733 | |
| 650 | 7 | |a ROL DE LOS PADRES |2 CL-VaPUC |9 338980 | |
| 650 | 0 | |a Deficiencia mental |9 334734 | |
| 650 | 0 | |a Métodos de enseñanza |9 270413 | |
| 650 | 0 | |a Trastornos del aprendizaje |9 307969 | |
| 650 | 0 | |a Trastornos del comportamiento |9 311363 | |
| 583 | |a last modification |c 19960105 00:00:00 |k Rodrigo Vera | ||
| 999 | |c 243552 |d 243550 | ||
| 952 | |0 0 |1 0 |4 0 |6 371_900000000000000_HEE_1986 |7 0 |8 P |9 257229 |a BIBEDU |b BIBEDU |c BIBEDU_PB |d 2019-11-19 |i 1610635 |o 371.9 HEE 1986 |p 1610635 |r 2024-01-25 |w 2019-11-19 |y BK |k EDU | ||
| 952 | |0 0 |1 0 |4 0 |6 371_900000000000000_HEE_1986 |7 0 |8 P |9 257230 |a BIBEDU |b BIBEDU |c BIBEDU_PB |d 2019-11-19 |i 1611860 |o 371.9 HEE 1986 |p 1611860 |r 2024-01-25 |w 2019-11-19 |y BK |k EDU | ||